Водородные соединения металлов: перевод с английского

Dettagli Bibliografici
Autore principale: Маккей К.
Altri autori: Михеева В. И. (редактор)
Riassunto:Доп. тит. лист на англ. языке
Lingua:russo
Pubblicazione: Москва, Мир, 1968
Soggetti:
Natura: Libro
KOHA link:https://koha.lib.tpu.ru/cgi-bin/koha/opac-detail.pl?biblionumber=75123

MARC

LEADER 00000nam0a2200000 4500
001 75123
005 20231101212810.0
035 |a (RuTPU)RU\TPU\book\80102 
090 |a 75123 
100 |a 20050317d1968 k y0rusy50 ca 
101 1 |a rus  |b eng 
102 |a RU 
105 |a a z 001zy 
200 1 |a Водородные соединения металлов  |e перевод с английского  |f К. Маккей  |g Под ред. В. И. Михеевой 
210 |a Москва  |c Мир  |d 1968 
215 |a 244 с.  |c ил.  |e черт. 
300 |a Доп. тит. лист на англ. языке 
320 |a Библиография в конце глав и в приложениях. 
320 |a Предметный указатель: с. 240-242. 
606 1 |a Металлы, гидриды  |x Химия  |2 stltpush  |3 (RuTPU)RU\TPU\subj\75048  |9 86929 
610 1 |a молекулярное строение 
610 1 |a экспериментальные методы 
610 1 |a экспериментальные данные 
610 1 |a ионные гидриды 
610 1 |a ковалентные гидриды 
610 1 |a комплексные гидриды 
675 |a 546.3-3  |v 3 
700 1 |a Маккей  |b К. 
702 1 |a Михеева  |b В. И.  |4 340 
801 1 |a RU  |b 63413507  |c 20050317  |g PSBO 
801 2 |a RU  |b 63413507  |c 20160210  |g PSBO 
942 |c BK